000 00922nam0a22002411 4500
001 rc\488105
005 20030616171350.3
035 _a(NLR Aleph) 005730294
090 _a7571703
_c7571703
100 _a20030616d1988 u |0rusy50 ca
101 0 _arus
102 _aRU
105 _aa |||||||||
200 1 _aАлгебраическая теория автоматов
_eУчеб. пособие [для студентов спец. "Математика" и "Прикл. математика"]
_fМ-во высш. и сред. спец. образования РСФСР, Яросл. гос. ун-т
210 _aЯрославль
_cЯрГУ
_d1988
215 _a67 с.
_cил.
_d20
320 _aБиблиогр.: с. 65-66
700 1 _aБродский
_bГ. М.
_gГерман Михайлович
801 0 _aRU
_bNLR
_gpsbo
801 1 _aRU
_bELAR
_2rusmarc
852 _aNLR
_j89-4/5289
942 _cBOOK
980 _aNB